000 00782cam a2200277 4500
001 ABS62168
008 000000n2000 000 0 eng u
035 _a(Sirsi) u105710
245 _aRegional survey: East Midlands
260 _c2000
490 _aProperty Week
_v65(17) 28 April 2000 40-58(8)
590 _aABS
650 _aEAST MIDLANDS
650 _aLEICESTER
650 _aNORTHAMPTONSHIRE
650 _aNOTTINGHAM
650 _aHINCKLEY
650 _aWELLINGBOROUGH
650 _aWORKSOP
650 _aPROPERTY-COMMERCIAL PROPERTY-OFFICE PROPERTY-OFFICE PROPERTY MARKET
650 _aDISTRIBUTION MARKET
650 _aPLANNING ISSUES
650 _aINDUSTRIAL MARKET
690 _aPROPERTY-COMMERCIAL PROPERTY-COMMERCIAL PROPERTY MARKET
942 _n0
999 _c63305
_d63305